Kenilworth
Saved in:
| Hovedforfatter: | |
|---|---|
| Format: | Bog |
| Sprog: | engelsk |
| Udgivet: |
Londres
Thomas Nelson and Sons
1901
|
| Udgivelse: | 1a. ed |
| Serier: | New Century Library
|
| Fag: | |
| Tags: |
Tilføj Tag
Ingen Tags, Vær først til at tagge denne postø!
|
MARC
| LEADER | 00000cam a2200000 a 4500 | ||
|---|---|---|---|
| 001 | UCE5580 | ||
| 003 | CL-VaPUC | ||
| 008 | 150123e19010000uk |||||||||||||||||eng|d | ||
| 082 | 0 | 4 | |a 823 |b SCO |2 21 |
| 100 | 0 | |a Scott, Walter |e author |9 354318 | |
| 245 | 1 | 0 | |a Kenilworth |
| 250 | |a 1a. ed | ||
| 300 | |a 577 p | ||
| 942 | |c BK | ||
| 945 | |d 20150123 15:06:00 |a arojas | ||
| 260 | |a Londres |b Thomas Nelson and Sons |c 1901 | ||
| 650 | 7 | |a NOVELAS ESCOCESAS |2 CL-VaPUC |9 348025 | |
| 650 | 7 | |a LITERATURA ESCOCESA |2 CL-VaPUC |9 413003 | |
| 650 | 7 | |a NOVELAS DE FICCION |2 CL-VaPUC |9 578254 | |
| 583 | |a last modification |c 20150123 15:06:00 |k Rodrigo Vera | ||
| 490 | 0 | |a New Century Library | |
| 999 | |c 358257 |d 358255 | ||
| 952 | |0 0 |1 0 |3 erd |4 0 |6 823_000000000000000_SCO_1901 |7 0 |8 X |9 466870 |a FDOBUD |b FDOBUD |i 5150647 |o 823 SCO 1901 |p 5150647 |r 2019-11-23 |w 2019-11-23 |y BK_X |z Catalogado en:20150123 |k BUD | ||